LEADER 00959nam a2200193 i 4500 001 000000052447 003 CaOOAMICUS 005 20130207000000.0 008 130207s1776 xx u000 u lat u 013 $a23619 026 $ao-n- X.go t.5. arru (3) 1776 (R) 040 $aSeMil$bita 245 10$aTomus 1. 300 $a[54] c., 1280 col. 500 $aSegn. : a-f8 g6 A-2R8. - Front. stampato in rosso e nero. 773 0 $aChiesa Cattolica$tCorpus iuris canonici emendatum et notis illustratum Gregorii 13. Pont Max. Iussu editum libro 7. Decretalium et Io. Pauli Lancellotti Institutionibus adauctum. Accesserunt loci communes uberrimi et indices titulorum canonumque omnium summa diligentia ac nova methodo concinnati. Tomus 1. [-2.].$dAugustae Taurinorum : Typographia Regia, 1776.$g1$w()28032 850 $aSeMil 852 $aSeMil$W1$xVenegono$y1$m2H IV 84 FA$j18601$B18601$CSeMilBibl$Z2$F18603 $8I 996 $6245$aTomus 1$9(OLS)http://semarc/title/47282 LEADER 00632nam a2200193 i 4500 001 000000070720 003 CaOOAMICUS 005 20131126000000.0 008 131126s1836 xx u000 u fre u 013 $a41892 040 $aSeMil$bita 245 10$aTome 1. 300 $axvj, 397 p. 773 0 $aSchlegel, Friedrich : von <1772-1829>$tPhilosophie de l'histoire.$dA Paris : Chez Parent-Desbarres, 1836.$g1$w()23133 850 $aSeMil 852 $aSeMil$W1$xVenegono$y1$m2P III 93 FA$j36873$B36873$CSeMilBibl$Z2$F36876 $8I 941 1 $a10 961 $aRecupero: Mantegazza 996 $6245$aTome 1$9(OLS)http://semarc/title/1447